00494nam a2200133Ia 4500008004100000100002900041245011100070245002900181260005300210260001300263300000800276650001500284856006100299170221s9999 xx 000 0 und d aMohd Azizuddin Mohd Sani aTendency and Coverage of Newspaper toward Political Parties in the Permatang Pauh by-Election in Malaysia  cMohd Azizuddin Mohd Sani bInternational Review of Management and Marketing cMay 2012 a1:1 xMarketing. uhttp://www.econjournals.com/index.php/irmm/issue/view/97